National life and character in the mirror of early English literature; (Record no. 91813)
[ view plain ]
| 000 -LEADER | |
|---|---|
| fixed length control field | 00925cam a22002531 4500 |
| 001 - CONTROL NUMBER | |
| control field | w 07000132 |
| 003 - CONTROL NUMBER IDENTIFIER | |
| control field | DLC |
| 005 - DATE AND TIME OF LATEST TRANSACTION | |
| control field | 20260227112805.0 |
| 008 - FIXED-LENGTH DATA ELEMENTS--GENERAL INFORMATION | |
| fixed length control field | 720216s1907 xx 000 0 eng |
| 010 ## - LIBRARY OF CONGRESS CONTROL NUMBER | |
| LC control number | w 07000132 |
| 035 ## - SYSTEM CONTROL NUMBER | |
| System control number | (OCoLC)243185 |
| 040 ## - CATALOGING SOURCE | |
| Original cataloging agency | DLC |
| Transcribing agency | OYU |
| Modifying agency | DLC |
| 050 00 - LIBRARY OF CONGRESS CALL NUMBER | |
| Classification number | PR166 |
| Item number | .D3 |
| 100 1# - MAIN ENTRY--PERSONAL NAME | |
| Personal name | Dale, Edmund. |
| 245 10 - TITLE STATEMENT | |
| Title | National life and character in the mirror of early English literature; |
| Statement of responsibility, etc. | by Edmund Dale ... |
| 260 ## - PUBLICATION, DISTRIBUTION, ETC. | |
| Place of publication, distribution, etc. | Cambridge, |
| Name of publisher, distributor, etc. | University press, |
| Date of publication, distribution, etc. | 1907. |
| 300 ## - PHYSICAL DESCRIPTION | |
| Extent | xiii, 337 p. |
| 650 #0 - SUBJECT ADDED ENTRY--TOPICAL TERM | |
| Topical term or geographic name entry element | English literature |
| Chronological subdivision | Old English, ca. 450-1100 |
| General subdivision | History and criticism. |
| 650 #0 - SUBJECT ADDED ENTRY--TOPICAL TERM | |
| Topical term or geographic name entry element | English literature |
| Chronological subdivision | Middle English, 1100-1500 |
| General subdivision | History and criticism. |
| 651 #0 - SUBJECT ADDED ENTRY--GEOGRAPHIC NAME | |
| Geographic name | England |
| General subdivision | Social life and customs |
| Chronological subdivision | 1066-1485. |
| 651 #0 - SUBJECT ADDED ENTRY--GEOGRAPHIC NAME | |
| Geographic name | England |
| General subdivision | Social life and customs |
| Chronological subdivision | To 1066. |
| 651 #0 - SUBJECT ADDED ENTRY--GEOGRAPHIC NAME | |
| Geographic name | Great Britain |
| General subdivision | Intellectual life |
| Chronological subdivision | 1066-1485. |
| 651 #0 - SUBJECT ADDED ENTRY--GEOGRAPHIC NAME | |
| Geographic name | Great Britain |
| General subdivision | Intellectual life |
| Chronological subdivision | To 1066. |
No items available.